000 01108nam a22003017a 4500
001 6507
003 FISKH
005 20250507112507.0
008 250507b cb ||||| |||| 00| 0 eng d
020 _a9780061927324
040 _aDLC
_cDLC
_beng
_dFISKH
050 _aPZ7.K12774 P
082 _a813.6
100 1 _aKann, Victoria.
245 1 0 _aPinkalicious and the pink drink /
_cVictoria Kann.
250 _aThis edition first published in 2010
260 _aNew York :
_bHarper,
_c2010.
300 _a22 pages :
_bcolor illustrations ;
_c21 cm.
505 _aG
520 _aOne hot summer day, Pinkalicious gets an idea that is simply pinkerrific-a pink lemonade stand! But before Pinkalicious can start selling her lemonade, she has to figure out how to make it. Pink grapefruit, pink watermelon, and pink frosting-if it's pink, it's the perfect ingredient.
521 8 _a380
_bLexile
521 8 _aG
_bRaz-Plus
650 _2lemonade
_aEasy Kan
650 _2Bellas room
_aInterstate
906 _a7
_bcbc
_corignew
_d4
_eepcn
_f20
_gy-gencatlg
942 _2ddc
_cBK
_n0
999 _c6507
_d6507